Metalloproteinases in medicine

Detalles Bibliográficos
Formato: Electrónico Revista
Lenguaje:inglés
Publicado: [Auckland] : Dovepress, [2014]-
Materias:
Acceso en línea:Full text available from Research Library: 01/01/2014 to present

MARC

LEADER 00000nas a2200000 i 4500
001 ssj0001547353
003 WaSeSS
005 20200512172242.0
006 m d
007 cr n
008 121116c20149999nz an p s 0 a0eng
010 |a  2016243318 
016 7 |a 101666907  |2 DNLM 
022 |a 2324-2027  |l 2324-2027 
035 |a (WaSeSS)ssj0001547353 
040 |a NZ1  |b eng  |e pn  |c NZ1  |d AU@  |d OCLCO  |d OCLCF  |d NLM  |d NZ1  |d OCLCQ  |d WaSeSS 
042 |a nznb  |a pcc 
060 0 0 |a W1 
082 0 4 |a 612.0151605  |2 23 
210 1 0 |a Metalloproteinases Med  |2 dnlm 
210 1 |a Metalloproteinases med. 
222 0 |a Metalloproteinases in medicine 
245 0 0 |a Metalloproteinases in medicine  |h [electronic resource]. 
260 |a [Auckland] :  |b Dovepress,  |c [2014]- 
310 |a Annual 
347 |a text file  |b PDF  |2 rda 
362 1 |a Began with 2014:1. 
506 |a License restrictions may limit access. 
515 |a Articles added irregularly during the year and collected into annual issues. 
588 |a Description based on: 2014:1; title from PDF caption (viewed on October 9, 2014). 
588 |a Latest issue consulted: 2016:3 (viewed July 29, 2016). 
650 0 |a Metalloproteinases  |v Periodicals. 
650 0 |a Diseases  |v Periodicals. 
650 1 2 |a Metalloproteases 
650 1 2 |a Disease 
650 7 |a Diseases.  |2 fast  |0 (OCoLC)fst00895158 
650 7 |a Metalloproteinases.  |2 fast  |0 (OCoLC)fst01017929 
655 0 |a Electronic journals. 
856 4 0 |z Full text available from Research Library: 01/01/2014 to present  |u https://search.proquest.com/publication/3933393